000 01022nam a22002657a 4500
005 20110616111214.0
010 _aENG-102618 B-456440
020 _c300.00
_a9788184300871
020 _c300.00
_a8184300875
035 _aEN-86151 B-456440
037 _bDBAD / PUB
037 _bAllied Pub/Ven
082 _aS
100 _aMande, Yashwant
_946351
245 _aThe hero of Kargil & other stories /
_cby Yashwant Mande
260 _aNew Delhi
_bOcean Books
_c2010
270 _a4/19, Asaf Ali Road
_bNew Delhi
_e110002
300 _a216p.
_c22cm (Hb)
700 _928520
710 _928535
942 _2ddc
_cEN
_mMAN
_hS
999 _c52948
_d52948